000 00649nam a2200193Ia 4500
003 GCL
008 140319s9999 xx 000 0 ara d
040 _aGCL /
_cGCL
082 0 4 _a811.5
_bع ف
100 1 _aعبدالعزيز عبدالمحسن التويجرى
245 1 0 _aفى اثر المتنبى بين اليمامة والدهناء /
_cعبدالعزيز عبدالمحسن التويجرى
260 _a[S.N] :
_bالمكتب المصرى الحديث ،
_c1977
300 _a355 ص
490 _a
650 0 4 _aالادب العربى
650 0 4 _aالشعر
650 0 4 _aالمتنبى, ابو الطيب
942 _2ddc
_cBK
999 _c53486
_d53486